Six Sigma i pro malé a střední podniky

Metodológia Six sigma zameraná na zvyšovanie kvality výrobkov, výrobných procesov a služieb. Implementácia metódy Six sigma v malých a stredných podnikoch. Ako uľahčiť zavedenie a prijatie tejto metodológie. Čo je dôležité pre úspech Six sigmy. Zlepšovanie kvality zavedením zmeny.

Salvato in:
Dettagli Bibliografici
Autore principale: Janetka, Pavol
Natura: Capitolo di libro
Lingua:ceco
Soggetti:
Tags: Aggiungi Tag
Nessun Tag, puoi essere il primo ad aggiungerne!!

MARC

LEADER 00000naa$a2200000$$$4500
001 0045156
005 20231106123448.7
041 0 |a cze 
044 |a CZ 
245 1 0 |a Six Sigma i pro malé a střední podniky  |c Pavol Janetka 
520 |a Metodológia Six sigma zameraná na zvyšovanie kvality výrobkov, výrobných procesov a služieb. Implementácia metódy Six sigma v malých a stredných podnikoch. Ako uľahčiť zavedenie a prijatie tejto metodológie. Čo je dôležité pre úspech Six sigmy. Zlepšovanie kvality zavedením zmeny. 
610 2 0 |a riadenie podnikové 
610 2 0 |a manažment 
610 2 0 |a metódy riadenia 
610 2 0 |a kvalita 
610 2 0 |a výrobky 
610 2 0 |a služby 
610 2 0 |a proces výrobný 
610 2 0 |a podnik malý 
610 2 0 |a podnik stredný 
100 1 |a Janetka, Pavol